000 00711nam a22002177a 4500
005 20100811165133.0
010 _aENG-99729
020 _c80.00
035 _aEN-83261
037 _bDBAD/PUB
082 _a658
100 _aChanthirakumar, P.
_912383
245 _aMarketing and working capital management /
_cby P.Shanthirakumar
260 _aKoradachery
_bAruma Pathippagam
_c2008
270 _bKoradachery
_a35, Gandhi Colony
_e613703
300 _a100p.:
_c21cm (pbk)
_bill.
500 _a includes bibliographical references
700 _910878
942 _2ddc
_cEN
_h658
_mCHA
999 _c41200
_d41200